000 01098nam0a22002891 4500
001 rc\431532
005 20030616170804.2
035 _a(NLR Aleph) 005678198
090 _a7046527
_c7046527
100 _a20030616d1987 u |0rusy50 ca
101 0 _arus
102 _aRU
105 _aa |||||||||
200 1 _aВлияние ηη-канала на проявление скалярных мезонов в процессах ππ - ππ, КК
_fЛ. Крупа, В.А. Мещеряков, Ю.С. Суровцев
210 _aДубна
_cОИЯИ
_d1987
215 _a13 с.
_cил.
_d21
225 1 _aПрепринт
_fОбъед. ин-т ядер. исслед.
_vР2-87-181
300 _aРез. на англ. яз.
320 _aБиблиогр.: с. 11-12
700 1 _aКрупа
_bД.
701 1 _aМещеряков
_bВ. А.
_f1932-
_gВладимир Алексеевич
_3RU\NLR\AUTH\7714772
701 1 _aСуровцев
_bЮ. С.
_gЮрий Степанович
801 0 _aRU
_bNLR
_gpsbo
801 1 _aRU
_bELAR
_2rusmarc
852 _aNLR
_j87-6/4919
942 _cBOOK
980 _aNB